000
00278nam a2200121 a 4500
005
20141022142005.0
008
080922s19uu xx 00 eng d
050
_a
VCD
_b
F44 2000
245
_a
Finding forrester.
650
_a
VCD.
650
_a
Finding fiddler.
942
_c
AVM
999
_c
276445
_d
276445